| 000 | 00656nam a2200205 4500 | ||
|---|---|---|---|
| 003 | CO-ViMGA | ||
| 020 | _a 9789588699912 | ||
| 040 |
_aCO-ViMGA _bspa _cCO-ViMGA |
||
| 090 | _aA JAD1 | ||
| 100 | 1 |
_aJadoul, Émile, _d1963- _92924 |
|
| 245 | 1 | 0 |
_aCon locura / _cÉmile Jadoul |
| 260 |
_aBogotá : _bÉmile Jadoul |
||
| 300 |
_a[24] p. : _bil. ; 27 cm |
||
| 490 | _aPlan Nacional de Lectura y Escritura Leer es mi Cuento / Ministerio de Cultura | ||
| 500 | _aDe 2 A 4 Años | ||
| 650 | 1 | 4 |
_a Literatura Infantil Belga _ySiglo Xx _97830 |
| 650 | 1 | 4 |
_aAlbumes Infantiles Belgas _ySiglo Xx _97870 |
| 650 | 1 | 4 |
_aAmistad En La Literatura _97674 |
| 942 |
_2ddc _cBK |
||
| 999 |
_c7737 _d7737 |
||